| 000 | 00830nam a22002537a 4500 | ||
|---|---|---|---|
| 003 | OSt | ||
| 005 | 20260601171017.0 | ||
| 008 | 260508b2006\\\\xxu|||||\||||\00|\0\eng\d | ||
| 020 | _a1600590772 | ||
| 040 |
_aICI _bspa _cICI _erda |
||
| 050 | 0 |
_aTT920 _bM37 2006 |
|
| 100 | 1 |
_aMartin, Andrew, _d1952- _eautor _934180 |
|
| 245 | 1 |
_aThe essential guide to mold making & slip casting / _cAndrew Martin. |
|
| 264 |
_aAsheville, N.C. : _b Lark Books, _c2006. |
||
| 300 |
_a160 páginas : _c ilustraciones (color) ; |
||
| 336 |
_2rdacontent _atexto |
||
| 337 |
_2rdamedia _asin medio |
||
| 338 |
_2rdacarrier _avolumen |
||
| 500 | _aIncluye índice y glosario de términos técnicos. | ||
| 650 |
_aCerámica _xMoldes. _934181 |
||
| 650 |
_aMoldeo por barbotina. _934182 |
||
| 650 |
_aCerámica _xTécnica. _91113 |
||
| 942 |
_2lcc _n1 _cB |
||
| 999 |
_c20754 _d20754 |
||